| 000 | 00613nam a22001697a 4500 | ||
|---|---|---|---|
| 999 |
_c60513 _d60513 |
||
| 005 | 20230810115740.0 | ||
| 008 | 230810s2009 enk||||| |||| 00| 0 eng d | ||
| 020 | _a9781840442816 | ||
| 041 | _aeng | ||
| 080 | _a008(084.4) Th-44 | ||
| 245 |
_aThe new Cultural Atlas of The Greek World / _cEdited by Tim Cooke. |
||
| 264 |
_aLondon : _bBrown Reference Group, _c2009. |
||
| 300 |
_a192 p. _bill.; _c30 cm. |
||
| 653 | _aბერძნული სამყაროს ახალი კულტურული ატლასი | ||
| 700 |
_aCooke, Tim _eრედაქტორი _919650 |
||
| 942 |
_2udc _cBK |
||